000 01313nam a2200325 a 4500
999 _c171689
_d171689
003 BLK
005 20241024111939.0
008 180411b bul|||||r ||||||| ||bul||
010 _aKNG00179973000
040 _aBLK
041 _aBUL
_cBUL
080 _aБългарска литература
_b821.163.2
_x-1
_z821.163.2-1
100 _aПенев, Пеньо Митев
_d1930 - 1959
_eпърви автор
_9258226
139 _aПенев, Пеньо Митев
_bП 34
245 1 0 _aДни върху приклада
_bВойнишки дневник : Стихотворения и писма
_cПеньо Пенев; състав. и ред. Любен Георгиев
257 _aBGR
260 _bДърж. воен. изд.
_c1972
_aСофия
_9215670
_dДВИ
300 _a295 с., 8 л. портр и факс
_c20 см
380 _aX
500 _a15 100 тир.
700 1 _aГеоргиев, Любен
_eсъстав. и ред.
_gХристов, Любен Георгиев
_9363917
852 _aЦб 63994
_bЦб
856 4 _qpdf
_i0.00
_ldisable
856 4 _qpdf
_i0.00
_ldisable
942 _cKNG
_n0
_s1
_01
944 _aCR
_c18.08.2015
_k30545
_lНора Радева
944 _aED
_c18.08.2015
_kНаталия_Любомирова
999 _d171689
999 _d171689